Referring disputes to adjudication (Record no. 74243)
[ view plain ]
| 000 -LEADER | |
|---|---|
| fixed length control field | 01301cab a2200205 4500 |
| 001 - CONTROL NUMBER | |
| control field | ABS67512 |
| 008 - FIXED-LENGTH DATA ELEMENTS--GENERAL INFORMATION | |
| fixed length control field | 040304n2004 000 0 eng u |
| 035 ## - SYSTEM CONTROL NUMBER | |
| System control number | (Sirsi) u125339 |
| 100 ## - MAIN ENTRY--PERSONAL NAME | |
| Personal name | Klein, H. |
| 245 ## - TITLE STATEMENT | |
| Title | Referring disputes to adjudication |
| 260 ## - PUBLICATION, DISTRIBUTION, ETC. | |
| Date of publication, distribution, etc. | 2004 |
| 490 ## - SERIES STATEMENT | |
| Series statement | Civil Engineering Surveyor |
| Volume/sequential designation | December/January 2004, 18-19(2) |
| 520 ## - SUMMARY, ETC. | |
| Summary, etc. | Reviews the adjudication process and the reasons why construction contract disputes may be referred to it. Looks at "Construction Centre Group Ltd v Highland Council" (CA127/02, X12136) where Highland Council, attempting to avoid paying the Construction Centre Group in accordance with an adjudication decision, following its failure to correctly refer a dispute that it required to be dealt with by an adjuidicator, sought to withhold monies awarded in the adjudication decision based upon statute law dating from 1592. Different parts of the dispute were heard separately, which unnecessarily delayed the process. |
| 590 ## - LOCAL NOTE (RLIN) | |
| Local note | ABS |
| 650 ## - SUBJECT ADDED ENTRY--TOPICAL TERM | |
| Topical term or geographic name entry element | MANAGEMENT-DISPUTE AVOIDANCE, MANAGEMENT AND RESOLUTION-DISPUTE MANAGEMENT AND RESOLUTION-ALTERNATIVE DISPUTE RESOLUTION-ADJUDICATION |
| 650 ## - SUBJECT ADDED ENTRY--TOPICAL TERM | |
| Topical term or geographic name entry element | CONSTRUCTION CENTRE GROUP LTD V HIGHLAND COUNCIL |
| 650 ## - SUBJECT ADDED ENTRY--TOPICAL TERM | |
| Topical term or geographic name entry element | CONSTRUCTION DISPUTES |
| 690 ## - LOCAL SUBJECT ADDED ENTRY--TOPICAL TERM (OCLC, RLIN) | |
| Topical term or geographic name as entry element | Dispute resolution |
| 9 (RLIN) | 6236 |
| 942 ## - ADDED ENTRY ELEMENTS (KOHA) | |
| Suppress in OPAC | 0 |
| Withdrawn status | Lost status | Source of classification or shelving scheme | Damaged status | Not for loan | Home library | Current library | Shelving location | Date acquired | Total Checkouts | Full call number | Barcode | Date last seen | Copy number | Price effective from | Koha item type |
|---|---|---|---|---|---|---|---|---|---|---|---|---|---|---|---|
| Dewey Decimal Classification | London | London | Journal article | 04/03/2004 | ABS67512 | 125339-1001 | 06/08/2019 | 1 | 06/08/2019 | Law report |